Công nghệ vi sinh :Tập 3, Thực phẩm lên men truyền thống

Wedi'i Gadw mewn:
Manylion Llyfryddiaeth
Prif Awdur: Nguyễn Đức Lượng
Fformat: Llyfr
Iaith:Vietnamese
Cyhoeddwyd: Đại học Quốc gia TPHCM 2009
Pynciau:
Tagiau: Ychwanegu Tag
Dim Tagiau, Byddwch y cyntaf i dagio'r cofnod hwn!
Thư viện lưu trữ: Mạng thư viện Đại học Đà Nẵng
LEADER 01021nam a2200313 a 4500
001 000001744
003 01235
005 20171229145311.0
008 171229s2009 vie
040 |a LSK 
041 0 |a VIE 
082 0 |a 579  |b NG-L 
100 1 |a Nguyễn Đức Lượng 
245 0 0 |a Công nghệ vi sinh :Tập 3, Thực phẩm lên men truyền thống 
260 |b Đại học Quốc gia TPHCM  |c 2009 
300 |a 179 pages  |c 24 cm. 
653 |a Công nghệ vi sinh 
852 |a Phòng Đọc - Phòng Mượn 
901 |a 5 
927 |a Sách chuyên khảo 
OWN |a LSK 
AVA |a UDN50  |b LSK  |d 579 NG-L  |e available  |t Error 5001 Not defined in file expand_doc_bib_avail.  |f 5  |g 0  |h N  |i 0  |k 1 
999 |a From the UDN01 
AVA |a UDN50  |b LSK  |d 579 NG-L  |e available  |t Error 5001 Not defined in file expand_doc_bib_avail.  |f 5  |g 0  |h N  |i 0  |k 1 
TYP |a Monograph 
TYP |a Printed language 
980 |a Mạng thư viện Đại học Đà Nẵng